Estatísticas para Os 15 principais países afetados pela Covid-19 - 15 de junho

Clique aqui para jogar o quiz

Estatísticas Gerais

  • Esse quiz foi jogado 2 vezes
  • A pontuação média é 18 de 27

Estatísticas das Respostas

país% Correto
Alemanha
100%
Bahrein
100%
Brasil
100%
Espanha
100%
Estados Unidos
100%
França
100%
Irão
100%
Itália
100%
Peru
100%
Reino Unido
100%
Rússia
100%
Suécia
100%
Armênia
50%
Bélgica
50%
Bielorrússia
50%
Catar
50%
Chile
50%
Chile
50%
Índia
50%
Irlanda
50%
Kuweit
50%
México
50%
Turquia
50%
Omã
0%
Panamá
0%
Paquistão
0%
Singapura
0%

Distribuição das Pontuações

Percentil de Números Respondidos

Porcentagem de Pessoas com Cada Pontuação

Sua Pontuação Histórica

Você não jogou esse quiz